[Event "BEL-ch op"]
[Site "Niel"]
[Date "2017.07.02"]
[Round "2"]
[White "Smet, Lars"]
[Black "Nagy, Peter3333"]
[Result "1-0"]
[WhiteElo "1543"]
[BlackElo "1448"]
[PlyCount "89"]
[EventDate "2017.07.01"]
[EventType "swiss"]
[EventRounds "9"]
[EventCountry "BEL"]
[SourceTitle "EXT 2018"]
[Source "ChessBase"]
[SourceDate "2017.10.13"]
[SourceVersion "1"]
[SourceVersionDate "2017.10.13"]
[SourceQuality "1"]

1. c4 e5 2. Nc3 Nf6 3. g3 g6 4. Bg2 c6 5. d3 Bg7 6. Nf3 d5 7. Nxe5 Ng4 8. Nxg4 Bxg4 9. cxd5 Bxc3+ 10. bxc3 cxd5 11. 0-0 0-0 12. Re1 Nc6 13. Qb3 Na5 14. Qxd5 Qc7 15. Bd2 Rad8 16. Qb5 a6 17. Qa4 Be6 18. Rad1 b5 19. Qa3 Rc8 20. Rc1 Qd8 21. c4 bxc4 22. Bxa5 Qf6 23. dxc4 Bxc4 24. e3 Bb5 25. Rxc8 Rxc8 26. Rc1 Bd7 27. Rxc8+ Bxc8 28. Qc3 Qe6 29. Bd5 Qd7 30. Bb3 Qh3 31. Qf6 Qd7 32. Qd8+ Qxd8 33. Bxd8 Be6 34. Bxe6 fxe6 35. Kf1 Kf7 36. Ke2 Ke8 37. Bb6 Kd7 38. Bd4 Kd6 39. f4 Kd5 40. Kd3 a5 41. h3 h6 42. g4 a4 43. a3 g5 44. fxg5 hxg5 45. Bf6 1-0